Language Quiz

Random Language or Spanish Quiz

Spanish Speaking Countries Quiz Stats

 Plays Quiz Updated Jan 16, 2020

     
Support Sporcle.
Go Orange.
Score 0/20 Timer 05:00
23 Plays Today
Spanish Speaking Population Countries % Correct
48,470,000Spain
98.2%
115,480,000Mexico
97.7%
44,030,000Argentina
93.7%
17,660,000Chile
91.7%
26,880,000Peru
87.7%
47,320,000Colombia
86.5%
4,820,000Paraguay
83.7%
30,930,000Venezuela
83.4%
3,320,000Uruguay
83.3%
3,490,000Panama
81.7%
Spanish Speaking Population Countries % Correct
11,080,000Cuba
79.7%
9,790,000Bolivia
78.4%
15,980,000Ecuador
78.4%
4,890,000Costa Rica
76.7%
8,950,000Honduras
76.5%
13,350,000Guatemala
74.6%
6,150,000El Salvador
73.5%
5,850,000Nicaragua
71.4%
10,690,000Dominican Republic
70%
705,000Equatorial Guinea
25.6%

From the Vault

Are You There, X? It's Me, Y

by ZYX

Are you there, Sporclers?
Remove Ads.
Support Sporcle.
Get the best of Sporcle when you Go Orange. This ad-free experience offers more features, more stats, and more fun while also helping to support Sporcle. Thank you for becoming a member.

Show Comments

Extras

Top Quizzes Today


Score Distribution

Your Account Isn't Verified!

In order to create a playlist on Sporcle, you need to verify the email address you used during registration. Go to your Sporcle Settings to finish the process.

Report this User

Report this user for behavior that violates our Community Guidelines.

Details: